[Event "Unterfranken-ch HT 52th"]
[Site "Massbach"]
[Date "2001.04.17"]
[Round "2"]
[White "Hub, Thomas"]
[Black "Heerlein, Gerd"]
[Result "0-1"]
[WhiteElo "1456"]
[BlackElo "1688"]
[PlyCount "74"]
[EventDate "2001.04.16"]
[EventType "swiss"]
[EventRounds "9"]
[EventCountry "GER"]
[SourceTitle "EXT 2015"]
[Source "ChessBase"]
[SourceDate "2014.11.20"]
[SourceVersion "1"]
[SourceVersionDate "2014.11.20"]
[SourceQuality "1"]

1. e4 d6 2. Nc3 Nf6 3. Nf3 g6 4. Bc4 Bg7 5. 0-0 0-0 6. h3 c5 7. d4 cxd4 8. Nxd4 Nc6 9. Be3 a6 10. a3 Nxe4 11. Bxf7+ Rxf7 12. Nxe4 Nxd4 13. Bxd4 e5 14. Be3 d5 15. Ng5 Rf8 16. Nf3 h6 17. c3 Be6 18. Qd2 g5 19. g4 Rxf3 20. Kg2 Rf7 21. Rad1 Rd7 22. Qd3 d4 23. cxd4 exd4 24. Bc1 Rc8 25. Rfe1 Bd5+ 26. Kg1 Rc6 27. b4 Rc3 28. Qg6 Bf7 29. Qe4 Rxh3 30. Rd3 Rxd3 31. Qxd3 Re7 32. Rd1 Qe8 33. Bb2 Re1+ 34. Rxe1 Qxe1+ 35. Qf1 Qxf1+ 36. Kxf1 Bd5 37. Ke2 d3+ 0-1